000 00485nam a2200181 a 4500
001 1770452097289
003 YourLibrary
005 20260207134850.0
008 260207s2007##################000#0#eng##
020 _a9781845423858
082 0 4 _a338.477
_bTOW
100 1 _aTowse, Ruth,
_eauthor.
245 1 0 _aRecent Developments in Cultural Economics :
260 _bEdward Elgar Publishing,
_c2007.
650 0 _aArt.
942 _cENGLISH
040 _aYourLibrary
_beng
_cYourLibrary
999 _c610850
_d610850